书目信息 |
| 题名: |
中文版SketchUp草图绘制技术精粹
|
|
| 作者: | 李红术 编著 | |
| 分册: | ||
| 出版信息: | 北京 清华大学出版社 2016.2 |
|
| 页数: | 369页 | |
| 开本: | 26cm | |
| 丛书名: | ||
| 单 册: | ||
| 中图分类: | TU201.4 | |
| 科图分类: | ||
| 主题词: | 建筑设计--计算机辅助设计--应用软件 | |
| 电子资源: | ||
| ISBN: | 978-7-302-40189-6 | |
| 000 | 00884nam0 2200253 450 | |
| 001 | 0400003972 | |
| 005 | 20171023084444.0 | |
| 010 | @a978-7-302-40189-6@dCNY99.00 | |
| 100 | @a20150920e2016 em y0chiy50 ea | |
| 101 | 0 | @achi |
| 102 | @aCN@b110000 | |
| 105 | @aa z 000yy | |
| 106 | @ar | |
| 200 | 1 | @a中文版SketchUp草图绘制技术精粹@9zhong wen ban SketchUp cao tu hui zhi ji shu jing cui@f李红术编著 |
| 210 | @a北京@c清华大学出版社@d2016.2 | |
| 215 | @a369页@d26cm@e1光盘 | |
| 307 | @a附光盘:ISBN 978-7-89395-515-0 | |
| 330 | @a本书共11章,介绍了SketchUp 2015的基础知识、基本绘图工具、辅助设计工具、绘图管理工具、SketchUp插件、材质与贴图、渲染与输出等内容。 | |
| 606 | 0 | @a建筑设计@x计算机辅助设计@x应用软件 |
| 610 | 0 | @aSketchUp |
| 690 | @aTU201.4@v5 | |
| 701 | 0 | @a李红术@9li hong shu@4编著 |
| 801 | 0 | @aCN@b91MARC@c20171023 |
| 905 | @b1027536-40@dTU201.4@f5@e1079 | |
| 中文版SketchUp草图绘制技术精粹/李红术编著.-北京:清华大学出版社,2016.2 |
| 369页;26cm+1光盘 |
| ISBN 978-7-302-40189-6:CNY99.00 |
| 本书共11章,介绍了SketchUp 2015的基础知识、基本绘图工具、辅助设计工具、绘图管理工具、SketchUp插件、材质与贴图、渲染与输出等内容。 |
| ● |
| 相关链接 |
|
|
|
|
正题名:中文版SketchUp草图绘制技术精粹
索取号:TU201.4/1079
 
预约/预借
| 序号 | 登录号 | 条形码 | 馆藏地/架位号 | 状态 | 备注 |
| 1 | 1027536 | 210275361 | 第二样本阅览室/ [索取号:TU201.4/1079] | 在馆 | |
| 2 | 1027537 | 210275370 | 第三借阅区/ [索取号:TU201.4/1079] | 在馆 | |
| 3 | 1027538 | 210275389 | 第三借阅区/ [索取号:TU201.4/1079] | 在馆 | |
| 4 | 1027539 | 210275398 | 第三借阅区/ [索取号:TU201.4/1079] | 在馆 | |
| 5 | 1027540 | 210275405 | 密集书库-生命科学系/ [索取号:TU201.4/1079] | 在馆 |